Navrhovanie experimentov využité v stratégii šesť sigma /

Saved in:
Bibliographic Details
Other Authors: Horníková, Adriana (Compiler)
Format: Manuscript Book
Language:Slovak
Published: 2011
Subjects:
Tags: Add Tag
No Tags, Be the first to tag this record!

MARC

LEADER 00000ntm a22000003a 4500
001 0077090
003 SK-STU
005 20191030120131.1
007 ta
008 191030s2019----xo-----f-mn---000-0-slo-d
040 |a STU  |b slo 
041 0 |a slo 
044 |a xo 
100 1 |a Horníková, Adriana  |4 com 
245 1 0 |a Navrhovanie experimentov využité v stratégii šesť sigma /  |c zost. Adriana Horníková 
260 |c 2011 
300 |a 84 s. 
650 4 |a metrológia 
996 |b 284J045713  |c J* 118511  |l JJST  |s P  |a 0  |w 0077090_0001